Statistics for Dr. Dre Charting Songs (Billboard Hot 100)

Click here to take the quiz!

General Stats

  • This quiz has been taken 72 times
  • The average score is 6 of 16

Answer Stats

AlbumWeeks OnPeakArtist(s)Song% Correct
20018 Weeks#23Dr. Dre ft. Snoop DoggStill D.R.E.
80%
200120 Weeks#25Dr. Dre ft. EminemForgot About Dre
74%
200121 Weeks#23Dr. Dre ft. Snoop DoggThe Next Episode
72%
Detox20 Weeks#4Dr. Dre ft. Eminem & Skylar GreyI Need a Doctor
54%
Another Level31 Weeks#1 (4 Weeks)BLACKstreet ft. Dr. DreNo Diggity
54%
The Chronic27 Weeks#2Dr. DreNuthin' but a 'G' Thang
54%
Relapse17 Weeks#1 (1 Week)Eminem, Dr. Dre & 50 CentCrack a Bottle
48%
Detox17 Weeks#34Dr. Dre ft. Snoop Dogg & AkonKush
38%
The Chronic18 Weeks#34Dr. DreLet Me Ride
31%
Encore15 Weeks#25Eminem, Dr. Dre & 50 CentEncore
23%
Friday20 Weeks#10Dr. DreKeep Their Heads Ringin'
21%
The Chronic20 Weeks#8Dr. DreDre Day
18%
Relapse2 Weeks#25Eminem ft. Dr. DreOld Time's Sake
16%
Non-Album Single1 Week#7950 Cent ft. Dr. Dre & Alicia KeysNew Day
11%
Relapse: Refill1 Week#29Eminem ft. Dr. DreHell Breaks Loose
8%
L.A. Confidential presents: Knoc-turn'al3 Weeks#98Knoc-Turn'al with Dr. Dre & Missy ElliottKnoc
5%

Score Distribution

Percentile by Number Answered

Percent of People with Each Score

Your Score History

You have not taken this quiz